|
|
|
|
| LEADER |
00855nam a22002171a 4500 |
| 001 |
c000342986 |
| 003 |
CARM |
| 005 |
00000000000000.0 |
| 008 |
880226s1970 gw 00000 ger d |
| 019 |
1 |
|
|a 3808916
|5 LACONCORD2021
|
| 035 |
|
|
|a (OCoLC)302443
|5 LACONCORD2021
|
| 040 |
|
|
|a NUN:U
|c NUN:U
|
| 100 |
1 |
|
|a Seghers, Anna,
|d 1900-
|
| 245 |
1 |
0 |
|a Aufstellen eines Maschinengewehrs im Wohnzimmer der Frau Kamptschik :
|b Erzahlungen /
|c Anna Seghers ; mit einem Nachwort von Christa Wolf.
|
| 260 |
|
|
|a Neuwied :
|b Luchterhand,
|c 1970.
|
| 300 |
|
|
|a 164 p.
|
| 490 |
0 |
|
|a Sammlung Luchterhand ;
|v 14.
|
| 700 |
1 |
|
|a Wolf, Christa.
|
| 852 |
8 |
|
|b CARM
|h A1:AL30A0
|i A05285
|p 0465635
|f BK
|
| 999 |
f |
f |
|i 46013edc-6e4e-5605-86ad-a8faee54ace2
|s 2f76c053-f79e-5b3e-b767-d7d36103af3c
|
| 952 |
f |
f |
|p Can circulate
|a CAVAL
|b CAVAL
|c CAVAL
|d CARM 1 Store
|e A05285
|f A1:AL30A0
|h Other scheme
|i book
|m 0465635
|